Statistiques concernant Capitales d'Asie

Cliquez ici pour prendre le quiz!

Statistiques générales

  • Ce quiz a été pris 31 fois
  • Le résultat moyen est 35 sur 47

Statistiques - réponses

Capitales% Correct
New Delhi
96%
Pékin
96%
Séoul
96%
Islamabad
93%
Kaboul
93%
Tokyo
93%
Bagdad
89%
Bangkok
89%
Jérusalem
89%
Manille
89%
Pyongyang
89%
Téhéran
89%
Bakou
85%
Doha
85%
Beyrouth
81%
Bichkek
81%
Erevan
81%
Hanoï
81%
Jakarta
81%
Riyad
81%
Abou Dabi
78%
Amman
78%
Ankara
78%
Oulan-Bator
78%
Singapour
78%
Taipei
78%
Astana
74%
Damas
74%
Koweït
74%
Katmandou
70%
Manama
70%
Phnom Penh
70%
Sanaa
70%
Tbilissi
70%
Kuala Lumpur
67%
Tachkent
67%
Vientiane
67%
Achgabat
59%
Dili
59%
Malé
59%
Douchanbé
56%
Mascate
56%
Thimphou
52%
Dacca
48%
Naypyidaw
44%
Bandar Seri Begawan
41%
Sri Jayawardenepura Kotte
37%

Distribution des résultats

Percentile par nombre de réponses

% des personnes avec chaque résultat

Votre développement - résultats

Vous n’avez pas pris ce quiz